Posterior chamber intraocular lens implantation in patients with controlled glaucoma / (رقم التسجيلة. 179264)

تفاصيل مارك
000 -LEADER
fixed length control field 01561namaa22003611i 4500
005 - أخر تعامل مع التسجيلة
control field 20260407124318.0
008 - FIXED-LENGTH DATA ELEMENTS--GENERAL INFORMATION
fixed length control field 260407s1994 ua ado|frm||| 001 0 eng d
040 ## - CATALOGING SOURCE
Original cataloguing agency EG-GICUC
Language of cataloging eng
Transcribing agency EG-GICUC
Modifying agency EG-GICUC
Description conventions rda
041 0# - LANGUAGE CODE
Language code of text/sound track or separate title eng
Language code of summary or abstract eng
-- ara
049 ## - Acquisition Source
Acquisition Source Deposit
097 ## - Degree
Degree Ph.D
099 ## - LOCAL FREE-TEXT CALL NUMBER (OCLC)
Local Call Number Cai01.11.24.Ph.D.1994.Mo.P
100 0# - MAIN ENTRY--PERSONAL NAME
Authority record control number or standard number Mohamed Salah El-Din Abdel Hamid Zaatar
Preparation preparation.
245 10 - TITLE STATEMENT
Title Posterior chamber intraocular lens implantation in patients with controlled glaucoma /
Statement of responsibility, etc. By Mohamed Salah El-Din Abdel Hamid Zaatar ; Supervised By Dr. Osam El-Hofi, Dr. Beshr Kenawi, Dr. Samia Sabry, Dr. Hassam Anis
246 15 - VARYING FORM OF TITLE
Title proper/short title زرع العدسات فى الخزانة الخلفية فى مرضى المياه الزرقاء المتحكم فيها
264 #0 - PRODUCTION, PUBLICATION, DISTRIBUTION, MANUFACTURE, AND COPYRIGHT NOTICE
Date of production, publication, distribution, manufacture, or copyright notice 1994.
300 ## - PHYSICAL DESCRIPTION
Extent 107 pages :
Other physical details illustrations ;
Dimensions 30 cm. +
336 ## - CONTENT TYPE
Source rda content
Content type term text
337 ## - MEDIA TYPE
Source rdamedia
Media type term Unmediated
338 ## - CARRIER TYPE
Source rdacarrier
Carrier type term volume
502 ## - DISSERTATION NOTE
Dissertation note Thesis (Ph.D)-Cairo University, 1994.
504 ## - BIBLIOGRAPHY, ETC. NOTE
Bibliography, etc. note Bibliography: pages 97-107
653 #0 - INDEX TERM--UNCONTROLLED
Uncontrolled term opthalmology
653 #0 - INDEX TERM--UNCONTROLLED
Uncontrolled term glaucoma
653 #0 - INDEX TERM--UNCONTROLLED
Uncontrolled term lens implantation
700 0# - ADDED ENTRY--PERSONAL NAME
Personal name Dr. Osam El-Hofi.
Relator term thesis advisor.
700 0# - ADDED ENTRY--PERSONAL NAME
Personal name Dr. Beshr Kenawi
Relator term thesis advisor.
700 0# - ADDED ENTRY--PERSONAL NAME
Personal name Dr. Samia Sabry
Relator term thesis advisor.
700 0# - ADDED ENTRY--PERSONAL NAME
Personal name Dr. Hassam Anis
Relator term thesis advisor.
900 ## - Thesis Information
Department Department of opthalmology
Faculties Faculty of medicine
Universities Cairo University
Grant date 1994
Supervisory body Dr. Beshr Kenawi
-- Dr. Osam El-Hofi
-- Dr. Samia Sabry
-- Dr. Hassam Anis
Discussion body Dr. Osam El-Hofi
905 ## - Cataloger and Reviser Names
Cataloger Name Nermeen_Ahmed
942 ## - ADDED ENTRY ELEMENTS (KOHA)
Source of classification or shelving scheme Dewey Decimal Classification
Koha item type Thesis
Edition 21
Suppress in OPAC No
المقتنيات
Source of classification or shelving scheme Home library Current library Date acquired Inventory number Full call number Barcode Date last seen Effective from Koha item type
Dewey Decimal Classification المكتبة المركزبة الجديدة - جامعة القاهرة مكتبة المئوية 07.04.2026 24688 Cai01.11.24.Ph.D.1994.Mo.P 01010110024688000 07.04.2026 07.04.2026 Thesis
Cairo University Libraries Portal Implemented & Customized by: Eng. M. Mohamady Contacts: new-lib@cl.cu.edu.eg | cnul@cl.cu.edu.eg
CUCL logo CNUL logo
© All rights reserved — Cairo University Libraries
CUCL logo
Implemented & Customized by: Eng. M. Mohamady Contact: new-lib@cl.cu.edu.eg © All rights reserved — New Central Library
CNUL logo
Implemented & Customized by: Eng. M. Mohamady Contact: cnul@cl.cu.edu.eg © All rights reserved — Cairo National University Library